000 00358pab a2200145 454500
008 180718b2002 xxu||||| |||| 00| 0 eng d
100 _aSvedberg, Peter
245 _aUnder nutrition overestimated
260 _c2002
300 _ap.5-36.
362 _aOct
650 _aMalnutrition
773 _aEconomic Development and Cultural Change
909 _a56048
999 _c56048
_d56048